000 00269nam a22001097a 4500
008 160512b xxu||||| |||| 00| 0 eng d
020 _a9789994392025
041 _aeng
080 _a612.39
245 _aHigjiena e mishit dhe e thertoreve:
_cBizena Bijo;
942 _2udc
_cBK
999 _c2083
_d2083